Statistics for D&D Damage Types

Click here to take the quiz!

General Stats

  • This quiz has been taken 31 times
  • The average score is 11 of 13

Answer Stats

Example SourcesDamage Type% Correct
Burning Hands, Scorching RayFire
100%
swords, axesSlashing
100%
fists, hammers, fallingBludgeoning
96%
Ice Knife, Ray of FrostCold
96%
spears, arrowsPiercing
96%
Ray of Sickness, InfestationPoison
92%
Witch Bolt, Shocking GraspLightning
88%
Tasha’s Caustic Brew, Hunger of HadarAcid
84%
Vicious Mockery, Dissonant WhispersPsychic
80%
Sacred Flame, MoonbeamRadiant
80%
Magic Missile, Eldritch BlastForce
76%
Blight, Bone ChillNecrotic
76%
Shatter, Booming BladeThunder
76%

Score Distribution

Percentile by Number Answered

Percent of People with Each Score

Your Score History

You have not taken this quiz